| 000 | 00726nam a2200241 a 4500 | ||
|---|---|---|---|
| 001 | BRCA_7809 | ||
| 005 | 20190320210014.0 | ||
| 008 | 161013s1962----mx-ab#####---#000-0#spa-# | ||
| 041 | _aspa | ||
| 044 | _amx | ||
| 050 | 4 |
_aN6550 _b.H57 1962 |
|
| 245 | 1 | 0 |
_aHistoria general del arte mexicano _cdirector de la obra Pedro Rojas ; fotografías del autor. |
| 260 |
_aMéxico _bHermes _c1962 |
||
| 300 |
_a1 v. _bil., mapas _c29 cm. |
||
| 500 | _aLa biblioteca solo cuenta con el v.2 | ||
| 500 | _aX92 | ||
| 505 | 0 | _aContenido: v.2. Época colonial | |
| 650 | 1 | 4 |
_aArte _xHistoria _zMéxico _9898 |
| 700 | 1 |
_aFlores Guerrero, Raúl _919343 |
|
| 700 | 1 |
_aRojas Rodríguez, Pedro Mario _919344 |
|
| 902 | _aGFM | ||
| 942 |
_2lcc _cB |
||
| 999 |
_c7483 _d7483 |
||